Ethics, integrity and aptitude : (Record no. 170240)

MARC details
000 -LEADER
fixed length control field 00621nam a22001937a 4500
005 - DATE AND TIME OF LATEST TRANSACTION
control field 20191212131600.0
010 ## - LCCN (DPL NO)
LC control number ENG-127100
020 ## - INTERNATIONAL STANDARD BOOK NUMBER
Terms of availability 445.00
International Standard Book Number 9789353167202
035 ## - SYSTEM CONTROL NUMBER
System control number EN-110632
037 ## - SOURCE OF ACQUISITION
Source of stock number/acquisition DBAD/PUB
082 ## - DEWEY DECIMAL CLASSIFICATION NUMBER
Classification number 352.63
100 ## - MAIN ENTRY--PERSONAL NAME
Personal name Karthikeyan, M
245 ## - TITLE STATEMENT
Title Ethics, integrity and aptitude :
Statement of responsibility, etc by M Karthikeyan
Remainder of title for civil services main examination /
250 ## - EDITION STATEMENT
Edition statement 3rd.ed.
260 ## - PUBLICATION, DISTRIBUTION, ETC. (IMPRINT)
Place of publication, distribution, etc Chennai
Name of publisher, distributor, etc McGraw Hill Education
Date of publication, distribution, etc 2020
270 ## - ADDRESS
Address 444/1, Sri Ekambara Naicker Industrial Estate
City Porur , Chennai
Postal code 600116
300 ## - PHYSICAL DESCRIPTION
Extent xvi;518p.
Dimensions 23cm(pbk)
942 ## - ADDED ENTRY ELEMENTS (KOHA)
Source of classification or shelving scheme Dewey Decimal Classification
Item type English Books
Classification part 352.63
Call number suffix KAR
Holdings
Withdrawn status Lost status Not for loan Collection code Home library Current library Date acquired Source of acquisition Cost, normal purchase price Full call number Barcode Copy number Cost, replacement price Koha item type
      Non-fiction Sarojini Nagar Sarojini Nagar 12/12/2019 DBAD/PUB 445.00 352.63 KAR EN-110632 1 445.00 English Books

© Delhi Public Library
Hit Counter
free hit counter